000 01019nam a22002897a 4500
001 06964
003 HDC
007 cr bn ---
008 210126p2015 ||||| |||| 00| 0 eng d
022 _a1929-9443
040 _aHDC
100 _aNoor Fatima Kareema Iqbal,
_eauthor
_97439
245 0 _aFrom Permissible to Wholesome: Situating ḥalāl organic farms within the sustainability discourse /
_cNoor Fatima Kareema Iqbal
260 _a[No place] :
_bCenter for Islamic Sciences,
_c2015
336 _atext
_2rdacontent
337 _acomputer
_2rdamedia
338 _aonline resource
_2rdacarrier
650 _afood production
_93722
650 _aHalal
_9294
650 _aIslam and the environment
_97441
650 _aOrganic farms
_97440
650 _asustainability
_97442
856 _zRequest full-text at [email protected]
942 _2lcc
942 _cAR
942 _kJART 000623
999 _c4288
_d4288